000 00942cam a22002897a 4500
003 CHAP
005 20220817041320.0
008 971013s1979 r 00010 d
010 _a11106
011 _a12078
035 _a14012
040 _cCHAP
082 _a631.521
_bT46Y
100 0 0 _aThomson, J. R.
_9112950
245 0 _aIntroducción a la tecnología de las semillas
_c/por J.R. Thomson
260 _aZaragoza :
_bAcribia,
_c1979.
300 _a201 p.
590 _aBATCH-UPD
_b10
_c20130110
_lUCH01
_h0225
590 _aBATCH-UPD
_b10
_c20130110
_lUCH01
_h1836
590 _aCONVERSION
_b10
_c20130109
_lUCH01
_h1307
650 1 4 _aSemillas.
901 _aBK
942 _cLIBRO
949 _a631.521 T46Y
_bBC
_cLIBRO
_d33724000831434
_eLIBRO
_gI.135815
_h65845
_i14012
_si
949 _a631.521 T46Y
_bBC
_cLIBRO
_d33724000923769
_eLIBRO
_fc.2
_gI. 132446
_h68553
_i14012
_si
949 _a631.521 T46Y
_bF
_cLIBRO
_d-26136
_eLIBRO
_h2620
_i14012
_si
999 _c11106
_d11106